000
00301nam a22001337a 4500
008
181016b xxu||||| |||| 00| 0 eng d
020
_a
9780534167585
041
_a
eng
080
_2
3 ED
_a
159.9
100
_a
50
101
_a
PSI
245
_a
Experimental Psychology
_c
Myers.A
942
_2
udc
_c
BK
999
_c
49940
_d
49940